000
00312nam a2200121Ia 4500
005
20251222154414.0
008
251222s9999||||xx |||||||||||||| ||spa||
020
_a
9972-600-88-2
082
_a
236.6/C76
245
0
_a
MarÃa, estrella de la nueva evangelización
264
_b
Vida y Espiritualidad
942
_c
LIB
999
_c
35762
_d
35762